000 00496ntaaa2200193 4500
003 01
005 20251027201923.0
008 0714s1973 ag 01
040 _aAR-BaBN
_bspa
_cAR-BaBN
_eaacr
_dRIC
082 _a244.2000 R63
100 _aRojas Mayo, Juan
245 _aDos chicos en el mar
250 _a1 ed.
260 _aFt. Lauderdale :
_bPublicaciones Juventud,
_cc1964
300 _a30 p.
500 _arelatos de la serie: "Aventuras juveniles"
650 _aHistorias
942 _cBK
999 _c13925
_d13925